00781cam a22002177a 4500003000500000005001700005008004100022010001000063011001000073035001000083040000900093100002900102245014600131260004100277300003100318502010400349650002300453650002100476650003100497650003500528CHAP20251104135250.0020828d2002 mx b r 00110 spa d a86190 a87162 a97704 cCHAP10aGómez Moscoso, Rodulfo10aOrganización social y mercados del café orgánico :bel caso de la unión de ejidos San Fernando, Chiapasc/por Rodolfo Gómez Moscoso aChapingo, Méx. :bEl autor,c2002. a125 h. :bgráfs. ; mapas aTesis (M.C. en Desarrollo Rural Regionsl) -- UACH. Dirección de Centros Regionales Universitarios14aCafé orgánico.14aCaféxChiapas.14aCaféxMercadeozChiapas.14aOrganización de productores.